| 000 | 00810nam a2200241 a 4500 | ||
|---|---|---|---|
| 001 | 000019474 | ||
| 005 | 20200929170029.0 | ||
| 008 | 100629s2005 sp a 000 0 spa d | ||
| 020 | _a8497647378 | ||
| 040 |
_aDO-SdBNP _bspa _cBNPHU |
||
| 082 |
_a923.22 _bR788O |
||
| 100 | 1 |
_aOlivares Grullón, Ángela _941833 |
|
| 245 | 1 | 0 |
_aSanta Rosa de Lima / _cÁngela Olivares Grullón. |
| 260 |
_aMadrid : _bEdimat Libros, _c2005. |
||
| 300 |
_a191 p. : _bil. ; _c23 cm. |
||
| 490 | 1 | _aMujeres en la historia | |
| 500 | _aIncluye datos biográficos del autor en la solapa de la cubierta | ||
| 504 | _aIncluye referencias bibliográficas ( p. 191) | ||
| 600 | 1 | 4 |
_aROSA DE LIMA, _cSANTA _d1586-1617 _941834 |
| 650 | 4 |
_aSantos _zPerú _xBiografías _941835 |
|
| 830 | 0 |
_aMujeres en la historia _941760 |
|
| 049 | _aBNPD | ||
| 999 |
_c18990 _d18990 |
||